| Tag |
First Indicator |
Second Indicator |
Subfields |
| LEADER |
00000cam a2200000 a 4500 |
| 001 |
in00000003174 |
| 005 |
20151007051044.0 |
| 008 |
990422s1999 mduab f001 0 eng c |
| 035 |
|
|
|a (OCoLC)ocm41376310
|
| 035 |
|
|
|9 AJG2867AM
|
| 040 |
|
|
|a JPL
|c JPL
|d THM
|d VYM
|d GPO
|d MvI
|d UtOrBLW
|
| 042 |
|
|
|a pcc
|
| 049 |
|
|
|a UDOC
|
| 074 |
|
|
|a 0830-I
|
| 086 |
0 |
|
|a NAS 1.83:1998-12-070-GSFC
|
| 088 |
|
|
|a NP-1998-12-070-GSFC
|
| 090 |
|
|
|a QC861.2.E57
|b E625 1999
|
| 245 |
0 |
0 |
|a EOS science plan :
|b executive summary /
|c editor, Reynold Greenstone.
|
| 246 |
3 |
|
|a Earth Observing System science plan :
|b executive summary
|
| 246 |
1 |
|
|i Subtitle on cover:
|a State of science in the EOS program
|
| 264 |
|
1 |
|a [Greenbelt, Md.] :
|b National Aeronautics and Space Administration,
|c [1999]
|
| 300 |
|
|
|a 64 pages :
|b illustrations (some color) ;
|c 28 cm.
|
| 336 |
|
|
|a text
|b txt
|2 rdacontent
|
| 337 |
|
|
|a unmediated
|b n
|2 rdamedia
|
| 338 |
|
|
|a volume
|b nc
|2 rdacarrier
|
| 500 |
|
|
|a "January 1999."
|
| 500 |
|
|
|a Includes index.
|
| 500 |
|
|
|a Shipping list number: 1999-0190-P.
|
| 500 |
|
|
|a Shipping List Date: 04/06/99
|
| 505 |
0 |
|
|a Radiation, clouds, water vapor, precipitation, and atmospheric circulation -- Ocean circulation, productivity, and exchange with the atmosphere -- Atmospheric chemistry and greenhouse gases -- Land ecosystems and hydrology -- Cryospheric systems -- Ozone and stratospheric chemistry -- Volcanoes and climate effects of aerosols.
|
| 500 |
|
|
|a "NP-1998-12-070-GSFC"--P. [4] of cover.
|
| 650 |
|
0 |
|a Atmospheric physics.
|
| 650 |
|
0 |
|a Atmospheric chemistry.
|
| 610 |
2 |
0 |
|a Earth Observing System (Program)
|
| 700 |
1 |
|
|a Greenstone, Reynold.
|
| 710 |
1 |
|
|a United States.
|b National Aeronautics and Space Administration.
|
| 999 |
|
|
|a MARS
|
| 999 |
f |
f |
|s e8dfcac8-97ba-37fc-9c2a-a7e15b2c73c8
|i 68f92d60-93b2-3108-9664-51eb56814d27
|t 0
|
| 952 |
f |
f |
|p normal
|a Texas A&M University
|b College Station
|c Sterling C. Evans Library
|d Evans: US Documents (Annex 5th floor)
|t 0
|e NAS 1.83:1998-12-070-GSFC
|h Superintendent of Documents classification
|i unmediated -- volume
|m A14824479870
|
| 998 |
f |
f |
|a NAS 1.83:1998-12-070-GSFC
|t 0
|l Evans: US Documents (Annex 5th floor)
|